| 000 -LEADER | |
|---|---|
| fixed length control field | 00425nam a22001697a 4500 |
| 005 - DATE AND TIME OF LATEST TRANSACTION | |
| control field | 20230118123208.0 |
| 008 - FIXED-LENGTH DATA ELEMENTS--GENERAL INFORMATION | |
| fixed length control field | 200225b xxu||||| |||| 0 |
| 020 ## - INTERNATIONAL STANDARD BOOK NUMBER | |
| ISBN | 81-239-0904-7 |
| 041 ## - LANGUAGE CODE | |
| Language code of text/sound track or separate title | eng |
| 082 ## - DEWEY DECIMAL CLASSIFICATION NUMBER | |
| Classification number | 615.19 CAR-C |
| 100 ## - MAIN ENTRY--AUTHOR NAME | |
| Personal name | CARTER, S.J. |
| 245 ## - TITLE STATEMENT | |
| Title | COOPER AND GUNN'S TUTORIAL PHARMACY |
| 260 ## - PUBLICATION, DISTRIBUTION, ETC. (IMPRINT) | |
| Place of publication | NEW DELHI |
| Name of publisher | CBS |
| Year of publication | 2005 |
| 300 ## - PHYSICAL DESCRIPTION | |
| Number of Pages | 469 p, |
| 650 ## - SUBJECT ADDED ENTRY--TOPICAL TERM | |
| Topical Term | PHARMACY |
| General subdivision | B.PHARMA AND D.PHARMA |
| 942 ## - ADDED ENTRY ELEMENTS (KOHA) | |
| Koha item type | Books |
| Lost status | Damaged status | Collection code | Home library | Current library | Shelving location | Date acquired | Source of acquisition | Cost, normal purchase price | Full call number | Accession Number | Koha item type |
|---|---|---|---|---|---|---|---|---|---|---|---|
| PHARMACY | JRU Library | JRU Library | SHELF-18-F | 25/02/2020 | PURCHESS | 395.00 | 615.4 CAR-C | 23724 | Books | ||
| PHARMACY | JRU Library | JRU Library | Shelf - 23- A | 25/02/2020 | PURCHESS | 395.00 | 615.4 CAR-C | 23725 | Books | ||
| Reference | JRU Library | JRU Library | Shelf - 23- A | 25/02/2020 | PURCHESS | 395.00 | 615.4 CAR-C | 23726 | Books | ||
| PHARMACY | JRU Library | JRU Library | Shelf - 23- A | 25/02/2020 | PURCHESS | 395.00 | 615.4 CAR-C | 23727 | Books | ||
| PHARMACY | JRU Library | JRU Library | Shelf - 23- A | 25/02/2020 | PURCHESS | 395.00 | 615.4 CAR-C | 23728 | Books | ||
| PHARMACY | JRU Library | JRU Library | SHELF-4-C | 27/02/2021 | PERCHES- 1908/17-02-2021 | 495.00 | 615.4 CAR-C | 25665 | Books | ||
| PHARMACY | JRU Library | JRU Library | Shelf - 23- A | 27/02/2021 | PERCHES- 1908/17-02-2021 | 495.00 | 615.4 CAR-C | 25666 | Books | ||
| PHARMACY | JRU Library | JRU Library | Shelf - 23- A | 27/02/2021 | PERCHES- 1908/17-02-2021 | 495.00 | 615.4 CAR-C | 25667 | Books | ||
| PHARMACY | JRU Library | JRU Library | Shelf - 23- A | 27/02/2021 | PERCHES- 1908/17-02-2021 | 495.00 | 615.4 CAR-C | 25668 | Books | ||
| PHARMACY | JRU Library | JRU Library | Shelf - 23- A | 27/02/2021 | PERCHES- 1908/17-02-2021 | 495.00 | 615.4 CAR-C | 25669 | Books | ||
| PHARMACY | JRU Library | JRU Library | Shelf - 23- A | 17/03/2021 | PURCHES | 495.00 | 615.4 CAR-C | 25767 | Books | ||
| PHARMACY | JRU Library | JRU Library | Shelf - 23- A | 09/02/2022 | PURCHASE | 550.00 | 615.4 CAR-C | 26035 | Books | ||
| PHARMACY | JRU Library | JRU Library | Shelf - 23- A | 09/02/2022 | PURCHASE | 550.00 | 615.4 CAR-C | 26036 | Books |